10 największych miast w Maroku. - Statystyki

Ogólne statystyki
  • Ten quiz został rozwiązany 80 razy
  • Średni wynik to 5 z 10
Statystyki odpowiedzi
Miejsce Populacja Miasto % Poprawnych
6 573,895 Rabat
100%
1 3,357,173 Casablanca
94%
4 911,990 Marrakesz
81%
2 1,091,512 Fez
71%
3 947,952 Tanger
66%
10 421,844 Agadir
60%
7 520,428 Meknes
26%
8 494,252 Wadżda
19%
5 890,403 Sala
11%
9 431,282 Al - Kunajtira
2%
Nie znaleziono quizów pasujących do podanych kryteriów
Rozkład punktacji
Procent ludzi z każdym wynikiem
Percentyl według liczby udzielonych odpowiedzi
Twoja historia wyników
Nie rozwiązałeś tego quizu